TV Show by Chinese Food Scene Quiz Stats

Quiz Updated Jun 15, 2016

Also try: Food in Seinfeld
Challenge
Share
Tweet
Score 0/18 Timer 05:00
5 Plays Today
% Correct
SpongeBob SquarePants
96.5%
The Big Bang Theory
95.4%
Seinfeld
94.4%
The Simpsons
92.9%
How I Met Your Mother
90.9%
The Office (US)
90.1%
South Park
87.2%
New Girl
66.1%
Mad Men
64.9%
% Correct
Curb Your Enthusiasm
63.6%
Two and a Half Men
61.7%
Gilmore Girls
60.2%
Sanford and Son
52%
Pretty Little Liars
49.6%
The Goldbergs
47.7%
Beverly Hills 90210
42.3%
The League
32.5%
Fresh Off the Boat
21.9%

You're not logged in!

Compare scores with friends on all Sporcle quizzes.
Join for Free
OR
Log In

You Might Also Like...

Show Comments

Extras

Top Quizzes Today


Score Distribution

Your Account Isn't Verified!

In order to create a playlist on Sporcle, you need to verify the email address you used during registration. Go to your Sporcle Settings to finish the process.

Report this User

Report this user for behavior that violates our Community Guidelines.

Details: